Literary Characters - B's - Statistics

General Stats
  • This quiz has been taken 59 times
  • The average score is 7 of 20
Answer Stats
Hint Answer % Correct
Young deer from Felix Salten’s 1923 novel whose mother meets a tragic fate Bambi
94%
Hobbit who found the One Ring while journeying with dwarves Bilbo Baggins
87%
Old English hero who fought Grendel and a dragon Beowulf
80%
California teenager who slays vampires Buffy Summers
78%
Diary-writing British singleton looking for love Bridget Jones
56%
The gentle March sister in Little Women Beth March
52%
Voldemort’s fanatical Death Eater cousin of Sirius Black Bellatrix Lestrange
41%
Black panther who aids Mowgli Bagheera
37%
Romeo’s peacekeeping cousin Benvolio
24%
Sled dog hero of Jack London’s The Call of the Wild Buck
19%
Jane Austen character who falls for Jane Bennet Mr. Bingley
19%
Painter of Dorian Gray’s infamous portrait Basil Hallward
17%
Rochester’s “madwoman in the attic" Bertha Mason
17%
Author of A History of Magic Bathilda Bagshot
13%
Divergent teen who chooses Dauntless Beatrice Prior
9%
Suitor of Portia in Shakespeare’s Merchant of Venice Bassanio
7%
German boy who befriends Shmuel at a fence Bruno
7%
Time-traveling POW in Slaughterhouse-Five Billy Pilgrim
6%
Half-fae heroine who teams up with Hunt Athalar to solve the murder cases including of her best friend Danika Bryce Quinlan
6%
Shadowy being of terror imprisoned beneath the Night Court library Bryaxis
4%
No matching quizzes found
Score Distribution
Percent of People with Each Score
Percentile by Number Answered
Your Score History
You have not taken this quiz